[Event "Norway Chess op-A"]
[Site "Stavanger"]
[Date "2025.05.27"]
[Round "8"]
[White "Adharsh, K."]
[Black "Elsness, Frode"]
[Result "0-1"]
[WhiteElo "2322"]
[BlackElo "2416"]
[PlyCount "88"]
[EventDate "2025.05.27"]
[EventType "swiss"]
[EventRounds "9"]
[EventCountry "NOR"]
[SourceTitle "CB23_2025"]
[SourceDate "2025.06.04"]
[SourceVersion "1"]
[SourceVersionDate "2025.06.04"]
[SourceQuality "1"]

1. e4 c5 2. Nf3 d6 3. d4 cxd4 4. Nxd4 Nf6 5. Nc3 a6 6. Be2 e5 7. Nb3 Be7 8. Be3 Be6 9. 0-0 0-0 10. Nd5 Nbd7 11. Qd3 Bxd5 12. exd5 Ne8 13. a4 b6 14. f4 exf4 15. Bxf4 Bg5 16. Bg3 Ne5 17. Qd4 Bf6 18. Qf2 g6 19. Nd4 Bg7 20. c4 a5 21. Rad1 Rc8 22. b3 Qd7 23. h3 Nf6 24. Bf3 Qc7 25. Nb5 Qb8 26. Bh4 Rce8 27. Rfe1 Nfd7 28. Be4 Nc5 29. Bc2 f5 30. Qd2 Bf6 31. Bg3 Qd8 32. Kh1 Bg5 33. Qc3 f4 34. Bf2 Bh4 35. Rf1 Bxf2 36. Rxf2 Qh4 37. Qd4 Ng4 38. Rf3 Re2 39. Rc1 Ne3 40. Rxe3 Rxe3 41. Nxd6 Re1+ 42. Rxe1 Qxe1+ 43. Qg1 Qe5 44. Nb5 f3 0-1

[Event "Norway Chess op-A"]
[Site "Stavanger"]
[Date "2025.05.27"]
[Round "1"]
[White "Charvi, A."]
[Black "Adharsh, K."]
[Result "1/2-1/2"]
[WhiteElo "2056"]
[BlackElo "2322"]
[PlyCount "65"]
[EventDate "2025.05.27"]
[EventType "swiss"]
[EventRounds "9"]
[EventCountry "NOR"]
[SourceTitle "CB23_2025"]
[SourceDate "2025.06.04"]
[SourceVersion "1"]
[SourceVersionDate "2025.06.04"]
[SourceQuality "1"]

1. e4 c5 2. Nf3 d6 3. d4 cxd4 4. Nxd4 Nf6 5. Nc3 Nc6 6. f3 e5 7. Nb3 Be6 8. Nd5 Be7 9. Be3 0-0 10. Qd2 Bxd5 11. exd5 Nb8 12. 0-0-0 Nbd7 13. Kb1 Nb6 14. c4 Qc7 15. Rc1 Nfd7 16. g4 Rfd8 17. h4 Nc8 18. g5 a5 19. h5 a4 20. Na1 Nf8 21. Bd3 b5 22. cxb5 Qb7 23. Rc6 Re8 24. g6 Bd8 25. gxh7+ Kh8 26. Rg1 Bf6 27. Bg5 Qe7 28. Rc7 Qxc7 29. Bxf6 Ng6 30. hxg6 fxg6 31. Qh6 Qf7 32. Qxg6 Qxg6 33. Bxg6 1/2-1/2

[Event "Norway Chess op-A"]
[Site "Stavanger"]
[Date "2025.05.27"]
[Round "6"]
[White "Krivenko, Dion"]
[Black "Adharsh, K."]
[Result "1/2-1/2"]
[WhiteElo "2243"]
[BlackElo "2322"]
[PlyCount "102"]
[EventDate "2025.05.27"]
[EventType "swiss"]
[EventRounds "9"]
[EventCountry "NOR"]
[SourceTitle "CB23_2025"]
[SourceDate "2025.06.04"]
[SourceVersion "1"]
[SourceVersionDate "2025.06.04"]
[SourceQuality "1"]

1. e4 c5 2. Ne2 Nc6 3. g3 g6 4. Bg2 Bg7 5. 0-0 d6 6. c3 e5 7. Na3 Nge7 8. Nc2 0-0 9. d4 b6 10. d5 Nb8 11. f4 exf4 12. gxf4 f5 13. e5 dxe5 14. fxe5 Bxe5 15. d6 Nec6 16. Bf4 Bxf4 17. Nxf4 Rf6 18. Qd5+ Kh8 19. Rad1 a6 20. b4 Ra7 21. bxc5 Rd7 22. Ne6 Qg8 23. Nc7 Qf8 24. Rfe1 Rd8 25. Nd4 Nxd4 26. cxd4 f4 27. Ne6 Bxe6 28. Rxe6 Rf5 29. Re5 Rf6 30. Bf3 Nd7 31. Rde1 bxc5 32. dxc5 Nxe5 33. Qxe5 Kg7 34. Re4 Kh6 35. Qe7 Qxe7 36. Rxe7 Rf5 37. Rc7 Kg5 38. d7 Kf6 39. c6 Ke7 40. Ra7 Rc5 41. Rxa6 Rb8 42. Ra4 Rc2 43. Re4+ Kd6 44. Rb4 Ra8 45. a4 Rc1+ 46. Kf2 Rc2+ 47. Ke1 Rd8 48. h4 Rxc6 49. Bxc6 Kxc6 50. Rd4 Rxd7 51. Rxf4 Kb6 1/2-1/2

[Event "Sardinia World op-A"]
[Site "Orosei"]
[Date "2025.05.03"]
[Round "9"]
[White "Fataliyeva, Ulviyya Hasil Qizi"]
[Black "Adharsh, K."]
[Result "1/2-1/2"]
[WhiteElo "2387"]
[BlackElo "2317"]
[PlyCount "99"]
[EventDate "2025.04.27"]
[EventType "swiss"]
[EventRounds "9"]
[EventCountry "ITA"]
[SourceTitle "CB19_2025"]
[SourceDate "2025.05.07"]
[SourceVersion "1"]
[SourceVersionDate "2025.05.07"]
[SourceQuality "1"]

1. d4 Nf6 2. c4 e6 3. Nf3 d5 4. g3 dxc4 5. Bg2 Bb4+ 6. Bd2 Be7 7. Qa4+ Bd7 8. Qxc4 Bc6 9. 0-0 0-0 10. Nc3 Ne4 11. Rfd1 Nd7 12. Qd3 Ndf6 13. Nb1 Bd5 14. Ne5 c5 15. Nc3 Nxc3 16. Bxc3 Bxg2 17. Kxg2 Qd5+ 18. f3 cxd4 19. Bxd4 Rfd8 20. e4 Qa5 21. Bc3 Qb6 22. Qe2 h5 23. Rxd8+ Rxd8 24. Rd1 Rxd1 25. Qxd1 Qc7 26. Qd4 b5 27. Nd3 a6 28. a4 Qd7 29. axb5 axb5 30. Qe3 Qc7 31. Qg5 Qc4 32. Qd2 h4 33. Ne5 Qc7 34. g4 b4 35. Bd4 Nd7 36. Nxd7 Qxd7 37. Be3 Qb5 38. b3 Kh7 39. Qc2 g6 40. Bd4 e5 41. Bf2 h3+ 42. Kg1 Qa5 43. Kf1 Bg5 44. Be1 Kg7 45. Bg3 Qa1+ 46. Ke2 Qd4 47. Bf2 Qa1 48. Bg3 Qa6+ 49. Ke1 Qa1+ 50. Ke2 1/2-1/2

[Event "Fagernes op"]
[Site "Fagernes"]
[Date "2025.04.20"]
[Round "9"]
[White "Adharsh, K."]
[Black "Miezis, Normunds"]
[Result "1/2-1/2"]
[WhiteElo "2317"]
[BlackElo "2409"]
[PlyCount "119"]
[EventDate "2025.04.13"]
[EventType "swiss"]
[EventRounds "9"]
[EventCountry "NOR"]
[SourceTitle "CB17_2025"]
[SourceDate "2025.04.23"]
[SourceVersion "1"]
[SourceVersionDate "2025.04.23"]
[SourceQuality "1"]

1. e4 c5 2. Nf3 e6 3. d4 cxd4 4. Nxd4 a6 5. c4 Qc7 6. Nc3 Nc6 7. Be3 Nf6 8. a3 b6 9. Be2 Bb7 10. f3 h5 11. 0-0 Nxd4 12. Qxd4 Bc5 13. Qd3 Qf4 14. Bxc5 bxc5 15. Na4 d6 16. Rad1 Ke7 17. b4 Bc6 18. Nc3 g5 19. Qd2 h4 20. Qxf4 gxf4 21. h3 Rhb8 22. Rb1 Nd7 23. Rfc1 Ne5 24. Bf1 Be8 25. Rc2 Rc8 26. Ne2 cxb4 27. Rxb4 Ng6 28. Rb7+ Bd7 29. Rb6 a5 30. Rd2 Rc6 31. Rb7 Rac8 32. Ra7 Rxc4 33. Rxa5 Rc2 34. Rxc2 Rxc2 35. Nd4 Rd2 36. Nb3 Rb2 37. Nd4 Ne5 38. Ra7 Kd8 39. a4 Rb4 40. Ne2 Bxa4 41. Nxf4 d5 42. Ra5 Kc7 43. Rxd5 Ng6 44. Rc5+ Kd6 45. Nd3 Rd4 46. Ra5 Bc2 47. Ra6+ Ke7 48. Ra7+ Kf6 49. Nf2 Kg7 50. Rc7 Rd2 51. Ng4 Ba4 52. Ra7 Bd1 53. Bc4 Nf4 54. Ra2 Rxa2 55. Bxa2 Be2 56. Kf2 Bb5 57. Bb1 f6 58. Bc2 Bd7 59. Ne3 e5 60. Bb1 1/2-1/2

[Event "Fagernes op"]
[Site "Fagernes"]
[Date "2025.04.15"]
[Round "3"]
[White "Adharsh, K."]
[Black "Stromhaug, Kristoffer Wang"]
[Result "1-0"]
[WhiteElo "2317"]
[BlackElo "2020"]
[PlyCount "63"]
[EventDate "2025.04.13"]
[EventType "swiss"]
[EventRounds "9"]
[EventCountry "NOR"]
[SourceTitle "CB17_2025"]
[SourceDate "2025.04.23"]
[SourceVersion "1"]
[SourceVersionDate "2025.04.23"]
[SourceQuality "1"]

1. e4 c5 2. Nf3 g6 3. d4 cxd4 4. Nxd4 Bg7 5. c4 Nc6 6. Be3 Qb6 7. Nb3 Qd8 8. Nd4 Qb6 9. Nb3 Qd8 10. Qd2 Nf6 11. f3 d6 12. Be2 0-0 13. 0-0 Be6 14. Nc3 Nd7 15. Nd5 f5 16. exf5 Bxf5 17. Rad1 Nde5 18. Kh1 Rc8 19. Rfe1 Kh8 20. Nd4 Nxd4 21. Bxd4 b6 22. b3 Qe8 23. f4 Nc6 24. Bxg7+ Kxg7 25. Bf3 Qf7 26. Qc3+ e5 27. fxe5 dxe5 28. Rxe5 Nxe5 29. Qxe5+ Kh6 30. g4 g5 31. gxf5 Qxf5 32. Qxf5 1-0

[Event "Palmanova op 13th"]
[Site "Palmanova"]
[Date "2024.12.28"]
[Round "2"]
[White "Zamengo, Fulvio"]
[Black "Adharsh, K."]
[Result "1-0"]
[WhiteElo "2348"]
[BlackElo "2235"]
[PlyCount "119"]
[EventDate "2024.12.27"]
[EventType "swiss"]
[EventRounds "9"]
[EventCountry "ITA"]
[SourceTitle "CB02_2025"]
[SourceDate "2025.01.08"]
[SourceVersion "1"]
[SourceVersionDate "2025.01.08"]
[SourceQuality "1"]

1. e4 c5 2. Nf3 Nc6 3. d4 cxd4 4. Nxd4 Nf6 5. Nc3 d6 6. Bg5 e6 7. Qd2 Be7 8. 0-0-0 a6 9. Bxf6 gxf6 10. f4 Bd7 11. Be2 Nxd4 12. Qxd4 Qa5 13. Bf3 Qc5 14. Qd2 0-0-0 15. Rhe1 Kb8 16. Kb1 h5 17. Re3 Bc6 18. Nd5 Bxd5 19. exd5 e5 20. Rc3 Qb6 21. Rb3 Qc5 22. Qe2 Rc8 23. Bxh5 Qc4 24. Qxc4 Rxc4 25. Be2 Rc7 26. h3 Ka7 27. Rf3 e4 28. Re3 f5 29. g4 Bh4 30. Rf1 Re7 31. gxf5 Kb6 32. Bg4 Kc5 33. Rc3+ Kb6 34. Re3 Kc5 35. a3 Bf6 36. Rd1 a5 37. a4 b5 38. axb5 Rb8 39. Be2 Rg8 40. Bg4 Rb8 41. Be2 Rg8 42. Bf1 Rg1 43. Kc1 Rh1 44. c3 Rg1 45. Kd2 a4 46. Ke2 Rg8 47. Ra1 Kxb5 48. Kf2+ Kc5 49. Rxa4 Kxd5 50. Bg2 Rge8 51. Rb4 Rg8 52. Bxe4+ Kc5 53. Bf3 Ra7 54. Rd3 Bh4+ 55. Ke2 Re7+ 56. Kd2 Rg3 57. Rb8 d5 58. b4+ Kd6 59. Rc8 Kd7 60. Rc5 1-0

[Event "Sant Boi de Llobregat op 5th"]
[Site "Sant Boi de Llobregat"]
[Date "2024.12.08"]
[Round "10"]
[White "Adharsh, K."]
[Black "Vijayakumar, Rishi"]
[Result "1/2-1/2"]
[WhiteElo "2235"]
[BlackElo "2172"]
[PlyCount "79"]
[EventDate "2024.11.29"]
[EventType "swiss"]
[EventRounds "10"]
[EventCountry "ESP"]
[SourceTitle "CB50_2024"]
[SourceDate "2024.11.01"]
[SourceVersion "1"]
[SourceVersionDate "2024.11.01"]
[SourceQuality "2"]

1. e4 e5 2. Nf3 Nc6 3. Bc4 Nf6 4. d3 Bc5 5. 0-0 a6 6. a4 d6 7. c3 Ba7 8. Nbd2 0-0 9. h3 Be6 10. Re1 Nh5 11. Nf1 Bxc4 12. dxc4 Qf6 13. Be3 Nf4 14. Bxa7 Rxa7 15. h4 a5 16. Ne3 b6 17. Nd5 Nxd5 18. cxd5 Ne7 19. Qd2 Ng6 20. Qg5 Qf4 21. Rad1 f5 22. Qxf4 Nxf4 23. exf5 Rxf5 24. Ng5 h6 25. Ne4 Rf7 26. g3 Nh5 27. Kg2 Nf6 28. Nxf6+ Rxf6 29. Rd3 Rb7 30. b4 Ra7 31. b5 Ra8 32. Rf3 h5 33. Re4 Raf8 34. Rxf6 gxf6 35. f3 Rf7 36. Rc4 f5 37. Kf2 Rg7 38. Rc6 Rd7 39. Rc4 Kg7 40. Rc6 1/2-1/2

[Event "Sant Boi de Llobregat op 5th"]
[Site "Sant Boi de Llobregat"]
[Date "2024.12.07"]
[Round "9"]
[White "Kenneskog, Theodor"]
[Black "Adharsh, K."]
[Result "1-0"]
[WhiteElo "2275"]
[BlackElo "2235"]
[PlyCount "73"]
[EventDate "2024.11.29"]
[EventType "swiss"]
[EventRounds "10"]
[EventCountry "ESP"]
[SourceTitle "CB50_2024"]
[SourceDate "2024.11.01"]
[SourceVersion "1"]
[SourceVersionDate "2024.11.01"]
[SourceQuality "2"]

1. e4 c5 2. Nf3 Nc6 3. d4 cxd4 4. Nxd4 Nf6 5. Nc3 d6 6. Bg5 e6 7. Qd2 Be7 8. 0-0-0 a6 9. Bxf6 gxf6 10. f4 Bd7 11. Be2 Nxd4 12. Qxd4 Qa5 13. Bf3 0-0-0 14. Rd3 Kb8 15. b4 Qc7 16. Nd5 exd5 17. Rc3 Qxc3 18. Qxc3 Rc8 19. Qd4 Rc4 20. Qxd5 Be6 21. Qd2 Rhc8 22. Re1 d5 23. a3 d4 24. Kb2 a5 25. f5 axb4 26. fxe6 bxa3+ 27. Ka1 fxe6 28. Rb1 Rxc2 29. e5 R2c7 30. exf6 Bc5 31. Qf4 Ka7 32. Qe4 b6 33. Qxe6 Rd8 34. Qb3 Kb8 35. Qa4 Kc8 36. Qa8+ Kd7 37. Bg4+ 1-0

[Event "Sant Boi de Llobregat op 5th"]
[Site "Sant Boi de Llobregat"]
[Date "2024.12.03"]
[Round "5"]
[White "Munoz Pantoja, Miguel Angel"]
[Black "Adharsh, K."]
[Result "1/2-1/2"]
[WhiteElo "2336"]
[BlackElo "2235"]
[PlyCount "49"]
[EventDate "2024.11.29"]
[EventType "swiss"]
[EventRounds "10"]
[EventCountry "ESP"]
[SourceTitle "CB50_2024"]
[SourceDate "2024.11.01"]
[SourceVersion "1"]
[SourceVersionDate "2024.11.01"]
[SourceQuality "2"]

1. e4 c5 2. g3 d5 3. exd5 Qxd5 4. Nf3 Bg4 5. Be2 Nc6 6. h3 Bh5 7. Nc3 Qd7 8. g4 Bg6 9. Bb5 f6 10. d4 cxd4 11. Nxd4 e5 12. Nxc6 bxc6 13. Qxd7+ Kxd7 14. Ba4 h5 15. Be3 Kc7 16. 0-0-0 hxg4 17. hxg4 Rxh1 18. Rxh1 Nh6 19. f3 Bb4 20. Ne2 Nf7 21. c3 Ba5 22. Bc2 Bxc2 23. Kxc2 Bb6 24. Bd2 Rh8 25. Rxh8 1/2-1/2

[Event "Sant Boi de Llobregat op 5th"]
[Site "Sant Boi de Llobregat"]
[Date "2024.12.01"]
[Round "3"]
[White "Lopez Martinez, Josep Manuel"]
[Black "Adharsh, K."]
[Result "1-0"]
[WhiteElo "2455"]
[BlackElo "2235"]
[PlyCount "67"]
[EventDate "2024.11.29"]
[EventType "swiss"]
[EventRounds "10"]
[EventCountry "ESP"]
[SourceTitle "CB50_2024"]
[SourceDate "2024.11.01"]
[SourceVersion "1"]
[SourceVersionDate "2024.11.01"]
[SourceQuality "2"]

1. d4 Nf6 2. c4 g6 3. Nc3 Bg7 4. e4 d6 5. h3 0-0 6. Be3 Nbd7 7. Nf3 a6 8. Be2 e5 9. d5 Rb8 10. Nd2 c6 11. g4 cxd5 12. cxd5 b5 13. b4 Nb6 14. g5 Ne8 15. h4 Bd7 16. Rc1 Nc4 17. Nxc4 bxc4 18. Rb1 Qc7 19. h5 Rb7 20. a3 f5 21. h6 Bh8 22. f3 Qb8 23. Kd2 Nc7 24. a4 Rxb4 25. Rxb4 Qxb4 26. Qa1 Nxd5 27. exd5 e4 28. Rb1 Qa5 29. f4 Kf7 30. Qa3 Kg8 31. Qb4 Qd8 32. Qxd6 Qa5 33. Rb4 Qd8 34. Rxc4 1-0

[Event "Tamil Nadu IM 25th"]
[Site "Chennai"]
[Date "2024.08.25"]
[Round "6"]
[White "Jaiveer, Mahendru"]
[Black "Adharsh, K."]
[Result "1-0"]
[WhiteElo "2220"]
[BlackElo "2268"]
[PlyCount "53"]
[EventDate "2024.08.22"]
[EventType "tourn"]
[EventRounds "9"]
[EventCountry "IND"]
[EventCategory "1"]
[SourceTitle "CBM 221 Extra"]
[Source "ChessBase"]
[SourceDate "2024.09.30"]
[SourceVersion "1"]
[SourceVersionDate "2024.09.30"]
[SourceQuality "1"]

1. e4 c5 2. Nf3 Nc6 3. Bb5 g6 4. 0-0 Bg7 5. Re1 Nf6 6. Bxc6 dxc6 7. d3 Nd7 8. c3 e5 9. Be3 0-0 10. a4 a5 11. Na3 Re8 12. Qc2 Qc7 13. Rad1 b6 14. d4 cxd4 15. cxd4 exd4 16. Bxd4 Bxd4 17. Nb5 Qb8 18. Nbxd4 Bb7 19. Nf5 Qc7 20. Nh6+ Kg7 21. Ng4 f6 22. Qc3 Re6 23. Nd4 Re7 24. Nf5+ gxf5 25. Rxd7 fxg4 26. Rxc7 Rxc7 27. e5 1-0

[Event "Budapest FS08 IM"]
[Site "Budapest"]
[Date "2024.08.07"]
[Round "5"]
[White "Adharsh, K."]
[Black "Midy, Robin"]
[Result "1/2-1/2"]
[WhiteElo "2268"]
[BlackElo "2155"]
[PlyCount "75"]
[EventDate "2024.08.03"]
[EventType "tourn"]
[EventRounds "9"]
[EventCountry "HUN"]
[EventCategory "1"]
[SourceTitle "CBM 221 Extra"]
[Source "ChessBase"]
[SourceDate "2024.09.30"]
[SourceVersion "1"]
[SourceVersionDate "2024.09.30"]
[SourceQuality "1"]

1. e4 e5 2. Nf3 Nc6 3. Bc4 Nf6 4. d3 d5 5. exd5 Nxd5 6. h3 Nb6 7. Bb3 Bd6 8. 0-0 0-0 9. Re1 h6 10. Nc3 Bf5 11. a4 a5 12. Be3 Re8 13. Bxb6 cxb6 14. Bd5 Rc8 15. d4 Nxd4 16. Nxd4 exd4 17. Qxd4 Rxe1+ 18. Rxe1 Bxc2 19. Qg4 Rc7 20. Nb5 Re7 21. Rc1 Bf4 22. Bxf7+ Rxf7 23. Rxc2 Qf6 24. g3 Be5 25. Qc8+ Kh7 26. Re2 Re7 27. Qc2+ g6 28. Qe4 Bd6 29. Qd3 Bc5 30. Nc3 Rxe2 31. Qxe2 h5 32. h4 Qd6 33. Qf3 Kh6 34. Ne4 Qe5 35. b3 Kg7 36. Ng5 Qe1+ 37. Kg2 Qe7 38. Qd5 1/2-1/2

[Event "Paracin op-A 17th"]
[Site "Paracin"]
[Date "2024.07.06"]
[Round "4"]
[White "Apoorv, Kamble"]
[Black "Adharsh, K."]
[Result "1-0"]
[WhiteElo "2269"]
[BlackElo "2080"]
[PlyCount "93"]
[EventDate "2024.07.03"]
[EventType "swiss"]
[EventRounds "9"]
[EventCountry "SRB"]
[SourceTitle "CBM 221 Extra"]
[Source "ChessBase"]
[SourceDate "2024.09.30"]
[SourceVersion "1"]
[SourceVersionDate "2024.09.30"]
[SourceQuality "1"]

1. e4 c5 2. Nf3 Nc6 3. d4 cxd4 4. Nxd4 Nf6 5. Nc3 d6 6. Bg5 e6 7. Qd2 a6 8. 0-0-0 Bd7 9. f4 Be7 10. Nf3 b5 11. Bxf6 gxf6 12. Kb1 Qb6 13. f5 0-0-0 14. g3 Kb8 15. Bh3 Na5 16. fxe6 fxe6 17. Nd4 b4 18. Nce2 e5 19. Bxd7 Rxd7 20. Nf5 Nc4 21. Qd3 Rc8 22. Ka1 a5 23. b3 Na3 24. c4 Bf8 25. Kb2 d5 26. exd5 a4 27. Kc1 axb3 28. axb3 Ra7 29. Kb2 Nxc4+ 30. bxc4 Ra3 31. Qd2 Qa6 32. Ra1 Rxc4 33. d6 Qa4 34. Qd1 Rxa1 35. Qxa4 Rxa4 36. Kb3 Re4 37. Kxa4 Rxe2 38. Rc1 Rd2 39. Ne7 Rxd6 40. Rc8+ Kb7 41. Rxf8 Rd2 42. h4 Rf2 43. Kxb4 e4 44. Nd5 Rf3 45. Rxf6 Rxg3 46. Kc4 Rg4 47. Rf4 1-0

[Event "Paracin op-A 17th"]
[Site "Paracin"]
[Date "2024.07.05"]
[Round "3"]
[White "Petricenco, Ana"]
[Black "Adharsh, K."]
[Result "0-1"]
[WhiteElo "1876"]
[BlackElo "2080"]
[PlyCount "120"]
[EventDate "2024.07.03"]
[EventType "swiss"]
[EventRounds "9"]
[EventCountry "SRB"]
[SourceTitle "CBM 221 Extra"]
[Source "ChessBase"]
[SourceDate "2024.09.30"]
[SourceVersion "1"]
[SourceVersionDate "2024.09.30"]
[SourceQuality "1"]

1. e4 c5 2. Nf3 Nc6 3. Bb5 g6 4. Bxc6 bxc6 5. 0-0 Bg7 6. Re1 Nf6 7. e5 Nd5 8. c4 Nc7 9. d4 cxd4 10. Qxd4 Ne6 11. Qh4 h6 12. Nc3 Rb8 13. b3 d6 14. Bb2 0-0 15. Rad1 Qc7 16. exd6 exd6 17. Qg3 Rd8 18. Rd2 g5 19. Red1 Nf4 20. Nd4 Re8 21. Qf3 c5 22. Nde2 Bb7 23. Nd5 Bxd5 24. cxd5 Qe7 25. Bxg7 Kxg7 26. Kf1 Nxe2 27. Rxe2 Qxe2+ 28. Qxe2 Rxe2 29. Kxe2 Rb4 30. Rd3 Kf6 31. Rf3+ Kg7 32. Re3 Kf8 33. Rh3 Re4+ 34. Kf3 Rf4+ 35. Ke2 Rf6 36. Re3 Rf5 37. Rd3 Re5+ 38. Kd2 f5 39. a3 Kg7 40. b4 cxb4 41. axb4 Kf6 42. g3 Re4 43. Ra3 Rxb4 44. Rxa7 Rd4+ 45. Ke3 Rxd5 46. Rh7 Kg6 47. Rd7 Re5+ 48. Kd3 Re6 49. f3 f4 50. g4 h5 51. gxh5+ Kxh5 52. Kd4 Re3 53. Rxd6 Rxf3 54. Ke4 Kg4 55. Rd2 Re3+ 56. Kd4 Re8 57. Rg2+ Kf5 58. Kd3 f3 59. Rf2 g4 60. Kd2 Kf4 0-1

[Event "Paracin op-A 17th"]
[Site "Paracin"]
[Date "2024.07.04"]
[Round "2"]
[White "Adharsh, K."]
[Black "Yilmaz, Baver"]
[Result "1/2-1/2"]
[WhiteElo "2080"]
[BlackElo "2280"]
[PlyCount "106"]
[EventDate "2024.07.03"]
[EventType "swiss"]
[EventRounds "9"]
[EventCountry "SRB"]
[SourceTitle "CBM 221 Extra"]
[Source "ChessBase"]
[SourceDate "2024.09.30"]
[SourceVersion "1"]
[SourceVersionDate "2024.09.30"]
[SourceQuality "1"]

1. e4 c5 2. Nf3 e6 3. d4 cxd4 4. Nxd4 Nf6 5. Nc3 Nc6 6. Nxc6 bxc6 7. e5 Nd5 8. Ne4 Qc7 9. f4 Qb6 10. a3 a5 11. c4 Ne3 12. Qd3 Nf5 13. g4 Nd4 14. Bd2 c5 15. Bc3 Bb7 16. Bg2 d5 17. exd6 f5 18. gxf5 exf5 19. Nxc5 Bxg2 20. Bxd4 Qxd6 21. Rg1 Bc6 22. 0-0-0 Qxf4+ 23. Be3 Qe5 24. Bd4 Qf4+ 25. Rd2 Bxc5 26. Bxc5 Kf7 27. Rf1 Qe4 28. Rxf5+ Ke6 29. Qxe4+ Bxe4 30. Rg5 Bg6 31. h4 Rac8 32. Rd6+ Kf7 33. h5 Be4 34. Re5 Rhe8 35. Rxe8 Rxe8 36. b4 axb4 37. axb4 Re5 38. Rd7+ Ke6 39. Rxg7 Rxh5 40. Re7+ Kf5 41. Kb2 Rh2+ 42. Kb3 Rh3+ 43. Ka4 Bd3 44. Kb3 Be4+ 45. Ka4 Bd3 46. Rf7+ Ke5 47. Rc7 Kf5 48. b5 Bxc4 49. b6 Bd5 50. b7 Bxb7 51. Rxb7 Rh1 52. Kb5 Rb1+ 53. Bb4 h5 1/2-1/2

[Event "Znojmo Rotunda op"]
[Site "Znojmo"]
[Date "2024.06.30"]
[Round "9"]
[White "Molik, Zdenek"]
[Black "Adharsh, K."]
[Result "0-1"]
[WhiteElo "2131"]
[BlackElo "1927"]
[PlyCount "108"]
[EventDate "2024.06.23"]
[EventType "swiss"]
[EventRounds "9"]
[EventCountry "CZE"]
[SourceTitle "CBM 221 Extra"]
[Source "ChessBase"]
[SourceDate "2024.09.30"]
[SourceVersion "1"]
[SourceVersionDate "2024.09.30"]
[SourceQuality "1"]

1. e4 c5 2. Nf3 Nc6 3. Bb5 g6 4. 0-0 Bg7 5. Re1 a6 6. Bf1 d6 7. c3 e5 8. h3 Nge7 9. Na3 0-0 10. Nc2 f5 11. Bc4+ Kh8 12. Ng5 Qe8 13. d3 b5 14. Be6 h6 15. Bxc8 Qxc8 16. Nf3 Qb7 17. b3 d5 18. Ba3 dxe4 19. dxe4 fxe4 20. Nd2 b4 21. Bb2 bxc3 22. Bxc3 Rad8 23. Qc1 Nd5 24. Nxe4 Nf4 25. Nxc5 Qb5 26. Qe3 Nd5 27. Na3 Qb6 28. Na4 Qb7 29. Qg3 Nf4 30. Nc4 Rd3 31. f3 Nxg2 32. Qxg2 Rfxf3 33. Rad1 Qa7+ 34. Kh2 Rxc3 35. Nxc3 Rf2 36. Re2 Rxg2+ 37. Rxg2 Nd4 38. Rd3 Qf7 39. Nd2 Qf4+ 40. Kg1 Qh4 41. Nde4 Kh7 42. Rf2 g5 43. Kg2 Ne6 44. Rg3 Nf4+ 45. Kf3 Nxh3 46. Rh2 Qf4+ 47. Ke2 Ng1+ 48. Kd3 Nf3 49. Rh1 g4 50. Nd5 Qf7 51. Kc4 Qf5 52. Kd3 Qd7 53. Nec3 e4+ 54. Kxe4 Bxc3 0-1

[Event "Znojmo Rotunda op"]
[Site "Znojmo"]
[Date "2024.06.29"]
[Round "8"]
[White "Adharsh, K."]
[Black "Manik, Mikulas"]
[Result "1/2-1/2"]
[WhiteElo "1927"]
[BlackElo "2343"]
[PlyCount "68"]
[EventDate "2024.06.23"]
[EventType "swiss"]
[EventRounds "9"]
[EventCountry "CZE"]
[SourceTitle "CBM 221 Extra"]
[Source "ChessBase"]
[SourceDate "2024.09.30"]
[SourceVersion "1"]
[SourceVersionDate "2024.09.30"]
[SourceQuality "1"]

1. e4 c5 2. Nf3 d6 3. d4 cxd4 4. Nxd4 Nf6 5. Nc3 Nc6 6. Bg5 e6 7. Qd2 a6 8. 0-0-0 Bd7 9. f4 Be7 10. Nf3 b5 11. Bxf6 gxf6 12. g3 Qa5 13. Kb1 h5 14. Bh3 Rc8 15. f5 Ne5 16. Nxe5 fxe5 17. Rhf1 b4 18. Ne2 Qc5 19. Nc1 a5 20. Nd3 Qd4 21. Qe2 Qc4 22. b3 Qb5 23. Qf3 Qc6 24. Rf2 Qc3 25. fxe6 fxe6 26. Qf7+ Kd8 27. Rfd2 h4 28. Qg7 Rf8 29. Nb2 hxg3 30. hxg3 Rf3 31. Qg8+ Kc7 32. Qh7 Kd8 33. Na4 Qc6 34. Nb2 Qc3 1/2-1/2

[Event "Znojmo Rotunda op"]
[Site "Znojmo"]
[Date "2024.06.26"]
[Round "5"]
[White "Adharsh, K."]
[Black "Luc, Martin"]
[Result "1/2-1/2"]
[WhiteElo "1927"]
[BlackElo "1822"]
[PlyCount "81"]
[EventDate "2024.06.23"]
[EventType "swiss"]
[EventRounds "9"]
[EventCountry "CZE"]
[SourceTitle "CBM 221 Extra"]
[Source "ChessBase"]
[SourceDate "2024.09.30"]
[SourceVersion "1"]
[SourceVersionDate "2024.09.30"]
[SourceQuality "1"]

1. e4 c5 2. Nf3 Nc6 3. d4 cxd4 4. Nxd4 e5 5. Nb5 d6 6. c4 a6 7. N5c3 Nf6 8. Be3 Be6 9. Nd5 Bxd5 10. cxd5 Nd4 11. Nd2 Rc8 12. Bd3 Be7 13. 0-0 0-0 14. h3 Nd7 15. b4 Bf6 16. Nc4 Nb6 17. Na5 Qd7 18. Qd2 g6 19. Rfc1 Rxc1+ 20. Rxc1 Rc8 21. Rxc8+ Nxc8 22. Qb2 Na7 23. Nb3 Nxb3 24. Qxb3 Nb5 25. Qa4 Kg7 26. Bxb5 axb5 27. Qc2 Bd8 28. Qd3 Bc7 29. Kh1 Bd8 30. Qe2 Be7 31. Bb6 Bf6 32. Be3 Bd8 33. Qc2 Bc7 34. Qc3 Bd8 35. Ba7 Be7 36. Bb8 Bd8 37. Qe3 Bc7 38. Ba7 Bd8 39. Qc3 Bf6 40. Bb8 Bd8 41. g4 1/2-1/2

[Event "Asia-ch U12"]
[Site "Al Ain"]
[Date "2023.12.21"]
[Round "9"]
[White "Adharsh, K."]
[Black "Moskvinov, Prokhor"]
[Result "1-0"]
[WhiteElo "1831"]
[BlackElo "1946"]
[PlyCount "151"]
[EventDate "2023.12.14"]
[EventType "swiss"]
[EventRounds "9"]
[EventCountry "UAE"]
[SourceTitle "EXT 2025"]
[Source "ChessBase"]
[SourceDate "2024.10.14"]
[SourceVersion "1"]
[SourceVersionDate "2024.10.14"]
[SourceQuality "1"]

1. e4 e5 2. Nf3 Nf6 3. Nxe5 Nxe4 4. Qe2 Qe7 5. Qxe4 d6 6. d4 dxe5 7. dxe5 Nc6 8. Bb5 Bd7 9. 0-0 0-0-0 10. Bf4 g5 11. Bxc6 Bxc6 12. Qf5+ Kb8 13. Be3 h6 14. Nd2 Bg7 15. Rfe1 Qb4 16. c3 Qb5 17. Bd4 Qd5 18. Qe4 Qe6 19. Qe3 b6 20. f3 Bb7 21. b4 Rhe8 22. Nf1 Qd5 23. Ng3 Re6 24. Rad1 Qxa2 25. Rd2 Qc4 26. Nf5 Bf8 27. Red1 Rc8 28. Qf2 h5 29. h3 h4 30. Ne3 Qb5 31. Rb2 Qe8 32. Ng4 Qb5 33. Ne3 Rxe5 34. c4 Qe8 35. Bxe5 Qxe5 36. Ng4 Qe6 37. c5 f5 38. Re2 Qb3 39. Ne3 f4 40. Nc2 bxc5 41. bxc5 Qc3 42. Nd4 Qxc5 43. Ne6 Qxf2+ 44. Rxf2 Bb4 45. Rb2 a5 46. Nxg5 c5 47. Ne6 c4 48. Nxf4 c3 49. Rc2 Bc6 50. Ra1 Bb5 51. Kh1 Bc4 52. Rb1 Ka7 53. Rcc1 Ka6 54. g4 Ba2 55. Ra1 Bg8 56. Ne2 Kb5 57. Rab1 Ka6 58. Ra1 Bh7 59. Kg2 Kb5 60. f4 Bd3 61. Kf2 Bc5+ 62. Kf3 Bb4 63. Ke3 Bxe2 64. Kxe2 Kc4 65. f5 Kd4 66. g5 Ke5 67. Rf1 Rg8 68. f6 Rc8 69. g6 Ke6 70. Kd3 c2 71. f7 Bf8 72. Rae1+ Kd7 73. Rc1 Rc6 74. Rg1 Bg7 75. f8Q Bxf8 76. g7 1-0